Normal view
MARC view
Entry Término temático
001 - NÚMERO DE CONTROL
- campo de control: 27449
003 - IDENTIFICADOR DEL NÚMERO DE CONTROL
- campo de control: FranzMayer
005 - FECHA Y HORA DE LA ÚLTIMA TRANSACCIÓN
- campo de control: 20190320211305.0
008 - DATOS DE LONGITUD FIJA
- campo de control de longitud fija: 190320|| aca||aabn | a|a d
040 ## - FUENTE DE LA CATALOGACIÓN
- Centro catalogador/agencia de origen: FranzMayer
- Centro/agencia transcriptor: FranzMayer
150 ## - ENCABEZAMIENTO--TÉRMINO DE MATERIA
- Término de materia o nombre geográfico como elemento de entrada: Gusanos de seda
670 ## - FUENTE DE DATOS ENCONTRADOS
- Cita de la fuente: Work cat.: (FranzMayer): Taller sobre la cría del gusano de seda 17 al 18 de febrero 1987 San Mateo Peñasco (Tlaxiaco) Centro coordinador indigenista de la Mixteca Alta 27448, Manual de la cría del gusano de seda reproducción de la Morera en la Mixteca, 1987